000 00448nam a22001337a 4500
040 _cNUST
082 _a200 THE
100 _aMuhammad Hamza Qureshi
_9100316
110 _aSupervised by Prof. Dr. Mohsin Islam Tiwana
_9100317
245 _aTH-SOF-2053-Dataset Collection and Mechanism Design for Semi-Automation of Prosthetic Pneumatic Knee Joint
260 _aISLAMABAD:
_bNUST COLLEGE OF EME,
_c2022.
650 _aMS-MTS-18
942 _2ddc
_cTHE
999 _c591819
_d591819